书目信息 |
| 题名: |
实战英语 (高级篇)
|
|
| 作者: | 张继承 主编 | |
| 分册: | ||
| 出版信息: | 北京 世界图书出版公司 2000.09 |
|
| 页数: | 285页 | |
| 开本: | 32开 | |
| 丛书名: | ||
| 单 册: | ||
| 中图分类: | H319.9 | |
| 科图分类: | ||
| 主题词: | 英语 | |
| 电子资源: | ||
| ISBN: | 7-5062-3718-0 | |
| 000 | 00558nam0 2200193 45 | |
| 001 | 0104031092 | |
| 005 | 20010403103300.2 | |
| 010 | @a7-5062-3718-0@d15.00元 | |
| 100 | @a20010403d2000 km y0chiy0120 ea | |
| 101 | 0 | @achi |
| 105 | @a z 000yy | |
| 200 | 1 | @a实战英语 (高级篇)@AShi Zhan Ying Yu (Gao Ji Pian)@f张继承主编@FZhang Ji Cheng Zhu Bian |
| 210 | @a北京@c世界图书出版公司@d2000.09 | |
| 215 | @a285页@d32开 | |
| 606 | 0 | @a英语 |
| 690 | @aH319.9@v3 | |
| 701 | 0 | @a张继承@4主编 |
| 801 | @aCN@bPftUser@c20010403 | |
| 905 | @b334736-737@dH319.9@eZH113@f2 | |
| 实战英语 (高级篇)/张继承主编.-北京:世界图书出版公司,2000.09 |
| 285页;32开 |
| ISBN 7-5062-3718-0:15.00元 |
| ● |
| 相关链接 |
|
|
|
正题名:实战英语(高级篇)
索取号:H319.9/ZH113
 
预约/预借
| 序号 | 登录号 | 条形码 | 馆藏地/架位号 | 状态 | 备注 |
| 1 | 334730 | 203347306 | 语言库209/209语言库 114排2列4层/ [索取号:H319.9/ZH113] | 在馆 | |
| 2 | 334731 | 203347315 | 语言库209/209语言库 114排2列4层/ [索取号:H319.9/ZH113] | 在馆 |